|
|
|
|
| LEADER |
01683nam a2200385 i 4500 |
| 001 |
35064 |
| 003 |
BD-DhAAL |
| 005 |
20211118133624.0 |
| 008 |
190807t19972017enka b 001 0 eng |
| 999 |
|
|
|c 40805
|d 40805
|
| 010 |
|
|
|a 2016035103
|
| 020 |
|
|
|a 9781138206557 (hb : alk. paper)
|
| 020 |
|
|
|a 9781138206564 (pb : alk. paper)
|
| 020 |
|
|
|z 9781315464657 (ebook)
|
| 040 |
|
|
|a DLC
|b eng
|c DLC
|e rda
|d DLC
|d BD-DhAAL
|
| 042 |
|
|
|a pcc
|
| 050 |
0 |
0 |
|a NA2500
|b .A392 2017
|
| 082 |
0 |
0 |
|a 720.47
|2 23
|
| 100 |
1 |
|
|a Abel, Chris,
|e author.
|9 33408
|
| 245 |
1 |
0 |
|a Architecture and identity :
|b responses to cultural and technological change /
|c Chris Abel.
|
| 250 |
|
|
|a Third edition.
|
| 260 |
|
|
|a London ;
|a New York :
|b Routledge, Taylor & Francis Group,
|c 2017.
|
| 300 |
|
|
|a xvi, 398 pages :
|b illustrations ;
|c 25 cm.
|
| 504 |
|
|
|a Includes bibliographical references (pages [371]-386) and index.
|
| 526 |
|
|
|a ARC
|
| 541 |
|
|
|a Trim Education
|e 35064, 35065
|
| 650 |
|
0 |
|a Architecture and philosophy.
|9 33409
|
| 650 |
|
0 |
|a Architecture
|x Environmental aspects.
|9 33410
|
| 650 |
|
0 |
|a Regionalism in architecture.
|9 33411
|
| 650 |
|
0 |
|a Identity (Psychology)
|9 33412
|
| 650 |
|
0 |
|a Architecture
|9 42847
|
| 852 |
|
|
|a Ayesha Abed Library
|c General Stacks
|
| 942 |
|
|
|2 ddc
|c BK
|
| 952 |
|
|
|0 0
|1 0
|2 ddc
|4 0
|6 720_470000000000000_ABE
|7 0
|9 65921
|a BRACUL
|b BRACUL
|c GEN
|d 2019-07-28
|e Trim Education
|g 3090.00
|l 0
|o 720.47 ABE
|p 3010035065
|r 2019-07-28
|t 2
|v 3090.00
|w 2019-07-28
|y BK
|x Transferred from ARC to BRACUL on 28/12/2023
|
| 952 |
|
|
|0 0
|1 0
|2 ddc
|4 0
|6 720_470000000000000_ABE
|7 0
|9 65922
|a BRACUL
|b BRACUL
|c GEN
|d 2019-07-28
|e Trim Education
|g 3090.00
|l 0
|o 720.47 ABE
|p 3010035064
|r 2019-07-28
|t 1
|v 3090.00
|w 2019-07-28
|y BK
|